Представление документа в формате RUSMARC

ПолеНазваниеЗначение
  Тип записи a
  Библиографический уровень m
001 Контрольный номер 3fc0268b1bc648dbb08a2f58e8d9c5a6
005 Дата корректировки 20260617101330.3
010 Индекс ISBN __
a ISBN 978-5-235-05275-8
9 Тираж 1500 экз.
b Уточнения в пер.
100 Данные общей обработки __
a Данные общей обработки 20260617d2025 ma y0rusa028902 ca
101 Язык документа 0_
a Язык текста rus
102 Страна публикации __
a Страна публикации RU
105 Кодированные данные (монография) __
a Кодированные данные (монография) acfhz 000yb
181 Поле кодированных данных: вид содержания _0
a Код вида содержания (ISBD) i
182 Поле кодированных данных: тип средства _0
a Код типа средства (ISBD) n
200 Заглавие и сведения об ответственности 1_
a Заглавие Вера Холодная
f Первые сведения об ответственности Евгения Климова
e Сведения, относящиеся к заглавию осколки мифов
203 Вид содержания и тип средства __
a Вид содержания Текст
c Тип средства непосредственный
210 Выходные данные 1_
a Место издания Москва
c Издательство Молодая гвардия
d Дата издания 2025
215 Физическое описание __
a Объем 302, [1] с., [8] л. ил.
c Иллюстрации/тип воспроизводства ил., портр., факс.
d Формат 21 см
225 Серия 1_
a Серия Жизнь замечательных людей
e Сведения, относящиеся к заглавию серии cерия биографий
f Сведения об ответственности основана в 1890 году Ф. Павленковым и продолжена в 1933 г. М. Горьким
v Обозначение тома вып. 2281 (2081)
330 Аннотация __
a Аннотация Книга "Вера Холодная. Осколки мифов" проливает свет на подлинную историю жизни первой русской звезды немого кино, имя которой окружено легендами. Проведенное автором исследование в архивах России и Европы разоблачает многочисленные мифы и восстанавливает забытые имена, связанные с судьбой актрисы. Это не просто биография, а настоящее детективное расследование, полное тайн, неожиданных откровений и драматизма. Книга понравится не только поклонникам Веры Холодной, но и всем, кто интересуется Серебряным веком и загадками прошлого.
333 Примечание о целевом назначении __
a Примечание о целевом назначении 16+. Для детей старше 16 лет
600 Персоналии _1
a Персоналии (Фамилия) Холодная
b Персоналии (Имя) В. В.
g Полное имя Вера Васильевна
f Даты 1893-1919
2 Код системы nlr_sh
606 Тематические рубрики __
2 Код системы nlr_sh
a Основная рубрика Музыка и зрелищные искусства
606 Тематические рубрики __
2 Код системы nlr_sh
a Основная рубрика Художественно-игровое кино
y Географическая подрубрика Российская империя
z Хронологическая подрубрика 20 в. нач.
610 Ключевые слова 0_
a Ключевые слова биографии
610 Ключевые слова 0_
a Ключевые слова биографические сведения
610 Ключевые слова 0_
a Ключевые слова факты биографии
610 Ключевые слова 0_
a Ключевые слова мемуары
610 Ключевые слова 0_
a Ключевые слова советское кино
610 Ключевые слова 0_
a Ключевые слова советский кинематограф
610 Ключевые слова 0_
a Ключевые слова персоналии
610 Ключевые слова 0_
a Ключевые слова воспоминания
610 Ключевые слова 0_
a Ключевые слова воспоминания современников
610 Ключевые слова 0_
a Ключевые слова история кино
610 Ключевые слова 0_
a Ключевые слова история немого кино
610 Ключевые слова 0_
a Ключевые слова киноактрисы
610 Ключевые слова 0_
a Ключевые слова кинозвезды
610 Ключевые слова 0_
a Ключевые слова киноискусство
610 Ключевые слова 0_
a Ключевые слова немое кино
610 Ключевые слова 0_
a Ключевые слова немые фильмы
686 Индексы других классификаций __
a Классификационный индекс 85.374.3(2)6-8
2 Код системы rubbks
700 Автор _1
a Фамилия Климова
b Имя Е. В.
g Полное личное имя Евгения Владимировна
4 Код отношения 070
801 Источник записи _1
a Страна RU
b Организация Муниципальное бюджетное учреждение культуры "Централизованная библиотечная система" г. Сургут (Центральная городская библиотека им. А. С. Пушкина)
c Дата составления 20260617
g Правила каталогизации PSBO
801 Источник записи _2
a Страна RU
b Организация Муниципальное бюджетное учреждение культуры "Централизованная библиотечная система" г. Сургут (Центральная городская библиотека им. А. С. Пушкина)
c Дата составления 20260617
2 Код формата rusmarc
g Правила каталогизации PSBO
852 Данные о местонахождении __
i Авторский знак К 49
j Шифр хранения 85.374.3(2)6-8
901 Тип документа __
a Ответственный ООФиК/Волкова
t Тип документа m
901 Тип документа __
a Ответственный без партии
903 Характеристики (МАРС) __
a Дата передачи 20260617
c Наименование библиотеки (МАРС) Муниципальное бюджетное учреждение культуры "Централизованная библиотечная система" г. Сургут (Центральная городская библиотека им. А. С. Пушкина)
969 Тип издания __
a Тип издания популярное издание
a Тип издания Ф 26
996 Контроль за деятельностью лиц, находящихся под иностранным влиянием __
b Текстовое указание Содержит информацию о наркотических или психотропных веществах, употребление которых опасно для здоровья. Их незаконный оборот влечет уголовную ответственность (18+)